Music Quiz

Random Music or Bands Quiz

Bands By Member (1980s) Quiz Stats

 Plays Quiz Updated Dec 26, 2018

     
Support Sporcle.
Go Orange.
Score 0/30 Timer 08:00
1 Play Today
Members Band % Correct
Bono, Adam Clayton, Larry Mullen Jr U2
89.4%
Brian Johnson, Angus Young, Phil Rudd AC/DC
84.4%
Tony Banks, Phil Collins, Mike Rutherford Genesis
76.8%
Chrissie Hynde, James Honeyman-Scott, Martin Chambers The Pretenders
57.1%
Billy Gibbons, Frank Beard, Dusty Hill ZZ Top
56%
Alex Lifeson, Neil Peart, Geddy Lee Rush
55.4%
Neal Schon, Steve Perry, Jonathan Cain Journey
55%
Michael Hutchence, Kirk Pengilly, Tim Farriss INXS
54.8%
Mick Jones, Topper Headon, Joe Strummer The Clash
52.6%
George Harrison, Jeff Lynne, Roy Orbison The Traveling Wilburys
49%
Lemmy Kilmister, Phil Campbell, Würzel Motörhead
47.1%
Ad-Rock, MCA, DJ HurricaneThe Beastie Boys
44.6%
Grace Slick, Mickey Thomas, Pete Sears Starship
43.6%
Neil Murray, David Coverdale, Cozy Powell Whitesnake
42.2%
Kate Pierson, Fred Schneider, Cindy Wilson The B-52's
41.8%
Members Band % Correct
Michael Steele, Susanna Hoffs, Vicki Peterson The Bangles
41.4%
Dennis DeYoung, Chuck Panozzo, Tommy Shaw Styx
39.4%
Joe Elliott, Rick Savage, Rick Allen Def Leppard
36.6%
K.K. Downing, Rob Halford, Dave Holland Judas Priest
35.8%
Robert Smith, Lol Tolhurst, Porl Thompson The Cure
35.4%
Ronnie DeVoe, Ralph Tresvant, Bobby Brown New Edition
31.1%
Mick Jones, Lou Gramm, Dennis Elliott Foreigner
29.9%
Bun E. Carlos, Robin Zander, Rick Nielsen Cheap Trick
25.6%
Siobhan Fahey, Keren Woodward, Sara Dallin Bananarama
22.6%
Paul Weller, Bruce Foxton, Rick Buckler The Jam
21.5%
Joey Simmons, Darryl McDaniels, Jason Mizell Run-D.M.C.
18.8%
Cesar Rosas, Conrad Lozano, David Hidalgo Los Lobos
16.3%
Steve Howe, Carl Palmer, Geoff Downes Asia
14.3%
Tom Bailey, Alannah Currie, Joe Leeway The Thompson Twins
13%
John Waite, Neal Schon, Jonathan CainBad English
10.4%

From the Vault

Head-To-Head Bible Mentions

by zaphenath

This is a real face-off in The Bible.
Remove Ads.
Support Sporcle.
Get the best of Sporcle when you Go Orange. This ad-free experience offers more features, more stats, and more fun while also helping to support Sporcle. Thank you for becoming a member.

Show Comments

Extras

Top Quizzes Today


Score Distribution

Your Account Isn't Verified!

In order to create a playlist on Sporcle, you need to verify the email address you used during registration. Go to your Sporcle Settings to finish the process.

Report this User

Report this user for behavior that violates our Community Guidelines.

Details: